BIBLIOTECA “JULIO CORTÁZAR”
ESCUELA AGROTÉCNICA “LIBERTADOR GENERAL SAN MARTÍN” - UNR – CASILDA

Logo Escuela Logo UNR

Miradas sobre el mundo de la matemática : (Record no. 623)

MARC details
000 -LEADER
campo de control de longitud fija 00881nam#a22002775a#4500
001 - NÚMERO DE CONTROL
campo de control 623
008 - DATOS DE LONGITUD FIJA--INFORMACIÓN GENERAL
campo de control de longitud fija 071113s2007####ag#####g#||||#|01#||spa#|
080 ## - NÚMERO DE LA CLASIFICACIÓN DECIMAL UNIVERSAL
Número de la Clasificación Decimal Universal 51 : 57
084 ## - OTRO NÚMERO DE CLASIFICACIÓN
Número de clasificación M63
040 ## - FUENTE DE CATALOGACIÓN
Centro catalogador/agencia de origen AR-ClEAG
Centro/agencia transcriptor AR-ClEAG
005 - FECHA Y HORA DE LA ÚLTIMA TRANSACCIÓN
campo de control 20241107184641.0
003 - IDENTIFICADOR DE NÚMERO DE CONTROL
campo de control AR-ClEAG
110 2# - ENTRADA PRINCIPAL--NOMBRE DE ENTIDAD CORPORATIVA
Nombre de entidad corporativa o nombre de jurisdicción como elemento de entrada Ministerio de Educación, Ciencia y Tecnología de la Nación.
245 10 - MENCIÓN DEL TÍTULO
Título Miradas sobre el mundo de la matemática :
Resto del título Una curiosa selección de textos /
Mención de responsabilidad, etc. Ministerio de Educación, Ciencia y Tecnología de la Nación.
250 ## - MENCION DE EDICION
Mención de edición 2007.
260 ## - PUBLICACIÓN, DISTRIBUCIÓN, ETC.
Lugar de publicación, distribución, etc. Buenos Aires :
Nombre del editor, distribuidor, etc. Eudeba,
Fecha de publicación, distribución, etc. 2007.
300 ## - DESCRIPCIÓN FÍSICA
Extensión 85 p. ;
Dimensiones 24 cm.
653 ## - TÉRMINO DE INDIZACIÓN--NO CONTROLADO
Término no controlado Hombre del renacimiento
653 ## - TÉRMINO DE INDIZACIÓN--NO CONTROLADO
Término no controlado Matematizando el cuerpo humano
653 ## - TÉRMINO DE INDIZACIÓN--NO CONTROLADO
Término no controlado Bordados matemáticos y arte
653 ## - TÉRMINO DE INDIZACIÓN--NO CONTROLADO
Término no controlado Geometría no euclídea
653 ## - TÉRMINO DE INDIZACIÓN--NO CONTROLADO
Término no controlado Metalenguajes
653 ## - TÉRMINO DE INDIZACIÓN--NO CONTROLADO
Término no controlado Matríces mágicas
653 ## - TÉRMINO DE INDIZACIÓN--NO CONTROLADO
Término no controlado Métodos axiomático
942 ## - ELEMENTOS DE ENTRADA SECUNDARIOS (KOHA)
Tipo de ítem Koha Libros
980 ## - EQUIVALENCIA O REFERENCIA-CRUZADA-MENCIÓN DE SERIE--NOMBRE DE PERSONA/TÍTULO [LOCAL, CANADÁ]
Enlace 2
Nombre de persona Evangelina Gallicchio
Enlace entre campo y número de secuencia 2
Información miscelánea Evangelina Gallicchio
Holdings
Estatus retirado Estado de pérdida Fuente del sistema de clasificación o colocación Estado de daño No para préstamo Biblioteca de origen Biblioteca actual Fecha de adquisición Número de inventario Total de préstamos Signatura topográfica completa Código de barras Visto por última vez Precio de reemplazo Tipo de ítem Koha
    Clasificación decimal universal     Julio Cortázar Julio Cortázar 07/11/2024 2532   R20 51 : 57 M63 1 Ej.1 2532 07/11/2024 07/11/2024 Libros
    Clasificación decimal universal     Julio Cortázar Julio Cortázar 07/11/2024 2461   R20 51 : 57 M63 Ej.2 2461 07/11/2024 07/11/2024 Libros

Contacto

Biblioteca Julio Cortázar. Escuela Agrotécnica "Libertador San Martín". Universidad Nacional de Rosario
Dirección: Ov. Lagos 1000 - 2170 Casilda - Santa Fe - Argentina
Tel: (54) (03464) 422226.
Fax: (54) (03464) 427789.
E-Mail: biblio-eac@unr.edu.ar